[Event "Summer Prague Open 2022 - A"]
[Site "Olympik hotel, Sokolovska 138, Praha"]
[Date "2022.08.12"]
[Round "9"]
[Board "19"]
[White "Risting, Eivind Olav"]
[Black "Seitz, Patrick"]
[Result "1-0"]
[WhiteElo "2325"]
[BlackElo "2165"]
[PlyCount "0"]
[EventDate "2022.08.05"]
[EventRounds "9"]
[EventCountry "CZE"]

1. d4 {[%clk 1:30:57]} Nf6 {[%clk 1:14:58]} 2. c4 {[%clk 1:30:52]} c5
{[%clk 1:14:56]} 3. d5 {[%clk 1:30:40]} e6 {[%clk 1:15:20]} 4. Nc3
{[%clk 1:31:05]} exd5 {[%clk 1:15:45]} 5. cxd5 {[%clk 1:31:29]} d6
{[%clk 1:16:09]} 6. Nf3 {[%clk 1:31:30]} g6 {[%clk 1:16:32]} 7. Bf4
{[%clk 1:31:40]} Bg7 {[%clk 1:16:33]} 8. Qa4+ {[%clk 1:31:34]} Bd7
{[%clk 1:16:46]} 9. Qb3 {[%clk 1:31:46]} Qc7 {[%clk 1:17:09]} 10. e4
{[%clk 1:23:29]} O-O {[%clk 1:14:01]} 11. Be2 {[%clk 1:22:08]} Nh5
{[%clk 1:03:11]} 12. Be3 {[%clk 1:18:22]} Bg4 {[%clk 1:02:09]} 13. h3
{[%clk 1:16:46]} Bxf3 {[%clk 1:02:05]} 14. Bxf3 {[%clk 1:16:47]} Nd7
{[%clk 0:55:33]} 15. O-O {[%clk 1:07:49]} Nhf6 {[%clk 0:53:33]} 16. Bf4
{[%clk 1:01:37]} a6 {[%clk 0:50:42]} 17. a4 {[%clk 1:01:54]} Rfe8
{[%clk 0:49:39]} 18. Rfe1 {[%clk 1:01:32]} Ne5 {[%clk 0:49:38]} 19. Be2
{[%clk 0:58:59]} Nfd7 {[%clk 0:46:04]} 20. Qc2 {[%clk 0:46:05]} Rab8
{[%clk 0:43:13]} 21. Be3 {[%clk 0:43:33]} f6 {[%clk 0:34:22]} 22. a5
{[%clk 0:40:18]} Re7 {[%clk 0:31:07]} 23. Nb1 {[%clk 0:34:06]} Nf7
{[%clk 0:29:21]} 24. Nd2 {[%clk 0:32:16]} Bh6 {[%clk 0:24:18]} 25. Bg4
{[%clk 0:25:28]} Bxe3 {[%clk 0:20:56]} 26. Rxe3 {[%clk 0:25:53]} Kg7
{[%clk 0:20:28]} 27. f4 {[%clk 0:23:46]} Rbe8 {[%clk 0:15:39]} 28. Be6
{[%clk 0:22:53]} Nd8 {[%clk 0:13:59]} 29. f5 {[%clk 0:23:00]} Ne5
{[%clk 0:14:00]} 30. Rc3 {[%clk 0:21:38]} gxf5 {[%clk 0:09:23]} 31. exf5
{[%clk 0:21:46]} Kh8 {[%clk 0:09:46]} 32. Ne4 {[%clk 0:17:09]} Rf8
{[%clk 0:09:02]} 33. Qf2 {[%clk 0:15:52]} Rg7 {[%clk 0:07:42]} 34. Rg3
{[%clk 0:12:25]} Nxe6 {[%clk 0:06:08]} 35. fxe6 {[%clk 0:11:39]} Rxg3
{[%clk 0:06:16]} 36. Qxg3 {[%clk 0:09:15]} f5 {[%clk 0:06:37]} 37. Nc3
{[%clk 0:04:30]} Rg8 {[%clk 0:06:09]} 38. Qf2 {[%clk 0:04:16]} Qg7
{[%clk 0:06:26]} 39. Rd1 {[%clk 0:03:52]} c4 {[%clk 0:06:00]} 40. Rd2
{[%clk 0:03:32]} Qg5 {[%clk 0:05:22]} 41. Re2 {[%clk 0:27:22]} Rg7
{[%clk 0:27:57]} 42. Kh1 {[%clk 0:18:40]} Qh5 {[%clk 0:23:46]} 43. Qd4
{[%clk 0:15:37]} Nf3 {[%clk 0:20:44]} 44. Qb6 {[%clk 0:13:42]} Qg5
{[%clk 0:09:47]} 45. Qe3 {[%clk 0:11:21]} Qxe3 {[%clk 0:07:02]} 46. Rxe3
{[%clk 0:11:47]} Ne5 {[%clk 0:07:28]} 47. Rxe5 {[%clk 0:12:10]}  1-0

[Event "Summer Prague Open 2022 - A"]
[Site "Olympik hotel, Sokolovska 138, Praha"]
[Date "2022.08.12"]
[Round "9"]
[Board "20"]
[White "Kovalskyi, Roman"]
[Black "Santagati, Alessandro"]
[Result "0-1"]
[WhiteElo "2133"]
[BlackElo "2287"]
[PlyCount "0"]
[EventDate "2022.08.05"]
[EventRounds "9"]
[EventCountry "CZE"]

1. e4 {[%clk 1:30:58]} Nf6 {[%clk 1:29:12]} 2. e5 {[%clk 1:31:22]} Nd5
{[%clk 1:29:38]} 3. Nc3 {[%clk 1:31:43]} Nxc3 {[%clk 1:29:18]} 4. dxc3
{[%clk 1:32:09]} d6 {[%clk 1:29:30]} 5. Nf3 {[%clk 1:32:13]} Nc6 {[%clk 1:29:29]}
6. Bb5 {[%clk 1:32:36]} Bd7 {[%clk 1:26:59]} 7. exd6 {[%clk 1:32:54]} cxd6
{[%clk 1:26:02]} 8. Be3 {[%clk 1:33:16]} e5 {[%clk 1:19:26]} 9. Qd2
{[%clk 1:32:18]} Be7 {[%clk 1:19:01]} 10. h4 {[%clk 1:32:13]} h6 {[%clk 1:14:18]}
11. O-O-O {[%clk 1:30:35]} Be6 {[%clk 1:09:55]} 12. Qe2 {[%clk 1:14:46]} Qa5
{[%clk 1:04:31]} 13. Nd2 {[%clk 1:12:19]} Bxa2 {[%clk 0:55:09]} 14. f4
{[%clk 1:09:38]} O-O {[%clk 0:46:10]} 15. Nb3 {[%clk 1:03:30]} Bxb3
{[%clk 0:39:51]} 16. cxb3 {[%clk 1:03:50]} a6 {[%clk 0:39:02]} 17. Bd3
{[%clk 1:03:52]} Qa2 {[%clk 0:34:58]} 18. b4 {[%clk 0:55:34]} Rac8
{[%clk 0:29:17]} 19. Bb1 {[%clk 0:53:42]} Qa4 {[%clk 0:22:35]} 20. f5
{[%clk 0:38:26]} Nxb4 {[%clk 0:13:50]} 21. g4 {[%clk 0:38:34]} Qb3
{[%clk 0:09:38]} 22. g5 {[%clk 0:32:12]} Rxc3+ {[%clk 0:07:17]} 23. bxc3
{[%clk 0:31:56]} Qxc3+ {[%clk 0:07:29]} 24. Bc2 {[%clk 0:32:21]} Rc8
{[%clk 0:07:12]} 25. Rh2 {[%clk 0:25:31]} Qa3+ {[%clk 0:05:14]} 26. Kb1
{[%clk 0:24:02]} Qa2+ {[%clk 0:05:32]} 27. Kc1 {[%clk 0:24:28]} Qa1+
{[%clk 0:05:55]} 28. Kd2 {[%clk 0:24:54]} Rxc2+ {[%clk 0:06:05]} 29. Ke1
{[%clk 0:25:22]} Rxe2+ {[%clk 0:06:16]} 30. Rxe2 {[%clk 0:25:37]} Qc3+
{[%clk 0:06:22]} 31. Kf1 {[%clk 0:26:06]} Nc2 {[%clk 0:05:25]} 32. f6
{[%clk 0:25:12]} Bxf6 {[%clk 0:05:05]} 33. Bd2 {[%clk 0:24:48]} Qf3+
{[%clk 0:05:14]} 34. Kg1 {[%clk 0:25:06]} Qxe2 {[%clk 0:05:30]} 35. gxf6
{[%clk 0:25:33]} Qxd1+ {[%clk 0:05:48]}  0-1

[Event "Summer Prague Open 2022 - A"]
[Site "Olympik hotel, Sokolovska 138, Praha"]
[Date "2022.08.12"]
[Round "9"]
[Board "21"]
[White "Soural, Jan"]
[Black "Slampa, Jan"]
[Result "1/2-1/2"]
[WhiteElo "2144"]
[BlackElo "2250"]
[PlyCount "0"]
[EventDate "2022.08.05"]
[EventRounds "9"]
[EventCountry "CZE"]

1. Nf3 {[%clk 1:30:57]} Nf6 {[%clk 1:30:52]} 2. c4 {[%clk 1:31:06]} e6
{[%clk 1:31:17]} 3. g3 {[%clk 1:31:20]} b6 {[%clk 1:31:35]} 4. Bg2
{[%clk 1:31:35]} Bb7 {[%clk 1:32:00]} 5. O-O {[%clk 1:31:47]} Be7
{[%clk 1:32:20]} 6. d4 {[%clk 1:31:21]} O-O {[%clk 1:32:38]} 7. Nc3
{[%clk 1:31:33]} d6 {[%clk 1:31:58]} 8. Qc2 {[%clk 1:31:07]} Nbd7
{[%clk 1:29:25]} 9. Rd1 {[%clk 1:30:58]} c5 {[%clk 1:28:14]} 10. b3
{[%clk 1:29:47]} cxd4 {[%clk 1:28:23]} 11. Nxd4 {[%clk 1:30:05]} Bxg2
{[%clk 1:27:42]} 12. Kxg2 {[%clk 1:30:29]}  1/2-1/2

[Event "Summer Prague Open 2022 - A"]
[Site "Olympik hotel, Sokolovska 138, Praha"]
[Date "2022.08.12"]
[Round "9"]
[Board "22"]
[White "Horak, Martin"]
[Black "Ouaki, Mark"]
[Result "1-0"]
[WhiteElo "2238"]
[BlackElo "2015"]
[PlyCount "0"]
[EventDate "2022.08.05"]
[EventRounds "9"]
[EventCountry "CZE"]

1. d4 {[%clk 1:24:36]} Nf6 {[%clk 1:30:43]} 2. Bg5 {[%clk 1:25:00]} d5
{[%clk 1:30:22]} 3. Bxf6 {[%clk 1:25:26]} exf6 {[%clk 1:30:47]} 4. e3
{[%clk 1:25:51]} Bd6 {[%clk 1:29:50]} 5. g3 {[%clk 1:26:14]} c6 {[%clk 1:28:22]}
6. Bg2 {[%clk 1:26:35]} Qb6 {[%clk 1:26:02]} 7. b3 {[%clk 1:11:18]} a5
{[%clk 1:20:36]} 8. a3 {[%clk 1:10:12]} a4 {[%clk 1:12:19]} 9. b4
{[%clk 1:09:40]} O-O {[%clk 1:10:41]} 10. Nd2 {[%clk 1:06:08]} Re8
{[%clk 1:07:38]} 11. Ne2 {[%clk 1:03:49]} Bg4 {[%clk 1:04:07]} 12. c4
{[%clk 1:00:54]} dxc4 {[%clk 1:04:07]} 13. Nxc4 {[%clk 1:01:13]} Qd8
{[%clk 1:03:20]} 14. O-O {[%clk 0:47:40]} Bf8 {[%clk 0:58:53]} 15. Re1
{[%clk 0:46:08]} Nd7 {[%clk 0:54:47]} 16. Qc2 {[%clk 0:43:00]} Nb6
{[%clk 0:49:30]} 17. Na5 {[%clk 0:41:40]} Qd7 {[%clk 0:47:08]} 18. Nf4
{[%clk 0:40:01]} Nd5 {[%clk 0:44:45]} 19. Nd3 {[%clk 0:37:58]} Be6
{[%clk 0:33:50]} 20. e4 {[%clk 0:31:41]} Nb6 {[%clk 0:33:14]} 21. Nc5
{[%clk 0:31:35]} Bxc5 {[%clk 0:33:32]} 22. dxc5 {[%clk 0:31:59]} Nc8
{[%clk 0:29:04]} 23. Rad1 {[%clk 0:31:32]} Qc7 {[%clk 0:28:50]} 24. Qxa4
{[%clk 0:31:21]} Ne7 {[%clk 0:25:46]} 25. Qc2 {[%clk 0:30:28]} Red8
{[%clk 0:21:07]} 26. Rxd8+ {[%clk 0:29:08]} Rxd8 {[%clk 0:21:30]} 27. Rd1
{[%clk 0:29:33]} b6 {[%clk 0:16:40]} 28. cxb6 {[%clk 0:27:08]} Rxd1+
{[%clk 0:15:36]} 29. Qxd1 {[%clk 0:27:33]} Qxb6 {[%clk 0:16:01]} 30. Qd6
{[%clk 0:27:58]} Ng6 {[%clk 0:15:36]} 31. Nxc6 {[%clk 0:27:57]} Kh8
{[%clk 0:14:19]} 32. a4 {[%clk 0:27:45]} h5 {[%clk 0:14:06]} 33. Qd8+
{[%clk 0:27:54]} Qxd8 {[%clk 0:14:27]} 34. Nxd8 {[%clk 0:28:17]} Ne5
{[%clk 0:13:11]} 35. Nxe6 {[%clk 0:28:31]} fxe6 {[%clk 0:13:37]} 36. b5
{[%clk 0:28:22]} Kg8 {[%clk 0:13:37]} 37. a5 {[%clk 0:28:30]} Nc4
{[%clk 0:13:50]} 38. a6 {[%clk 0:28:30]} e5 {[%clk 0:13:10]} 39. a7
{[%clk 0:28:57]} Nb6 {[%clk 0:13:36]} 40. Bh3 {[%clk 0:29:16]}  1-0

[Event "Summer Prague Open 2022 - A"]
[Site "Olympik hotel, Sokolovska 138, Praha"]
[Date "2022.08.12"]
[Round "9"]
[Board "23"]
[White "Stoica, Savas Marin"]
[Black "Polster, Christian"]
[Result "1/2-1/2"]
[WhiteElo "2092"]
[BlackElo "2236"]
[PlyCount "0"]
[EventDate "2022.08.05"]
[EventRounds "9"]
[EventCountry "CZE"]

1. d4 {[%clk 1:30:54]} Nf6 {[%clk 1:26:12]} 2. c4 {[%clk 1:31:06]} e6
{[%clk 1:26:34]} 3. Nf3 {[%clk 1:31:03]} c5 {[%clk 1:25:02]} 4. d5
{[%clk 1:31:08]} exd5 {[%clk 1:25:05]} 5. cxd5 {[%clk 1:31:27]} d6
{[%clk 1:25:30]} 6. Nc3 {[%clk 1:31:49]} g6 {[%clk 1:25:20]} 7. e4
{[%clk 1:31:31]} Bg7 {[%clk 1:25:12]} 8. h3 {[%clk 1:31:37]} O-O {[%clk 1:25:27]}
9. Bd3 {[%clk 1:32:04]} b5 {[%clk 1:21:34]} 10. Bxb5 {[%clk 1:31:45]} Nxe4
{[%clk 1:18:56]} 11. Nxe4 {[%clk 1:32:10]} Qa5+ {[%clk 1:19:17]} 12. Nfd2
{[%clk 1:32:37]} Qxb5 {[%clk 1:18:25]} 13. Nxd6 {[%clk 1:33:01]} Qa6
{[%clk 1:13:41]} 14. N2c4 {[%clk 1:33:27]} Nd7 {[%clk 0:59:39]} 15. O-O
{[%clk 1:33:12]} Nb6 {[%clk 0:57:36]} 16. Nxb6 {[%clk 1:11:54]} Qxb6
{[%clk 0:55:03]} 17. Nxc8 {[%clk 1:11:46]} Raxc8 {[%clk 0:55:13]} 18. Bg5
{[%clk 0:55:46]} Qxb2 {[%clk 0:46:08]} 19. Rc1 {[%clk 0:51:02]} Bf6
{[%clk 0:38:34]} 20. Rc2 {[%clk 0:50:04]}  1/2-1/2

[Event "Summer Prague Open 2022 - A"]
[Site "Olympik hotel, Sokolovska 138, Praha"]
[Date "2022.08.12"]
[Round "9"]
[Board "24"]
[White "Jordanov, Mihail"]
[Black "Buchenau, Frank"]
[Result "0-1"]
[WhiteElo "2094"]
[BlackElo "2229"]
[PlyCount "0"]
[EventDate "2022.08.05"]
[EventRounds "9"]
[EventCountry "CZE"]

1. e4 {[%clk 1:30:55]} e6 {[%clk 1:30:47]} 2. d4 {[%clk 1:31:17]} d5
{[%clk 1:31:07]} 3. e5 {[%clk 1:31:39]} c5 {[%clk 1:31:24]} 4. c3
{[%clk 1:32:02]} Qb6 {[%clk 1:31:17]} 5. Nf3 {[%clk 1:32:13]} Bd7
{[%clk 1:31:23]} 6. Bd3 {[%clk 1:32:22]} cxd4 {[%clk 1:30:52]} 7. Nxd4
{[%clk 1:32:22]} Bc5 {[%clk 1:28:03]} 8. Qg4 {[%clk 1:29:12]} Ne7
{[%clk 1:24:06]} 9. O-O {[%clk 1:25:21]} Ng6 {[%clk 1:20:35]} 10. h4
{[%clk 1:01:51]} O-O {[%clk 1:16:11]} 11. Nf3 {[%clk 0:56:41]} Nc6
{[%clk 0:57:38]} 12. Qh5 {[%clk 0:47:18]} Be8 {[%clk 0:39:09]} 13. Ng5
{[%clk 0:28:13]} h6 {[%clk 0:38:47]} 14. b4 {[%clk 0:28:10]} Be7 {[%clk 0:26:31]}
15. Nxe6 {[%clk 0:16:11]} fxe6 {[%clk 0:26:01]} 16. Bxg6 {[%clk 0:15:58]} Rf5
{[%clk 0:21:11]} 17. Bg5 {[%clk 0:14:52]} Bxg6 {[%clk 0:20:20]} 18. Qxg6
{[%clk 0:15:18]} Nxe5 {[%clk 0:20:23]} 19. Qxf5 {[%clk 0:15:17]} exf5
{[%clk 0:20:31]} 20. Bxe7 {[%clk 0:15:43]} Nd3 {[%clk 0:18:33]} 21. Na3
{[%clk 0:14:01]} Re8 {[%clk 0:18:08]} 22. Rad1 {[%clk 0:13:35]} Rxe7
{[%clk 0:12:23]} 23. Rxd3 {[%clk 0:13:59]} Qa6 {[%clk 0:12:32]} 24. c4
{[%clk 0:14:24]} dxc4 {[%clk 0:12:48]} 25. b5 {[%clk 0:14:50]} Qa4
{[%clk 0:11:30]} 26. Rc3 {[%clk 0:14:50]} Qb4 {[%clk 0:10:24]} 27. Rf3
{[%clk 0:11:54]} c3 {[%clk 0:07:01]} 28. Nb1 {[%clk 0:11:54]} c2 {[%clk 0:06:51]}
29. Na3 {[%clk 0:10:59]} Qb2 {[%clk 0:04:47]} 30. Nc4 {[%clk 0:10:46]} Qb1
{[%clk 0:03:02]} 31. Rc3 {[%clk 0:09:00]} Re1 {[%clk 0:03:09]}  0-1

[Event "Summer Prague Open 2022 - B"]
[Site "Olympik hotel, Sokolovska 138, Praha"]
[Date "2022.08.05"]
[Round "1"]
[Board "1"]
[White "Psaila, Clarence"]
[Black "Bohatyrov, Mykola"]
[Result "1/2-1/2"]
[WhiteElo "1951"]
[BlackElo "1462"]
[PlyCount "68"]
[EventDate "2022.08.05"]
[EventRounds "9"]
[EventCountry "CZE"]

1. d4 Nf6 2. Nf3 g6 3. g3 Bg7 4. Bg2 d5 5. O-O O-O 6. c4 c6 7. b3 Bf5 8. Bb2 e6
9. Nbd2 Nbd7 10. Nh4 Bg4 11. h3 Bf5 12. Nxf5 gxf5 13. Kh2 Qc7 14. cxd5 cxd5 15.
Rc1 Qd6 16. e3 Ne4 17. Nxe4 fxe4 18. f3 f5 19. fxe4 fxe4 20. Qc2 Rxf1 21. Rxf1
Nf6 22. Qe2 Rc8 23. Rc1 Rf8 24. Bc3 h6 25. Ba5 Qa3 26. Qd2 Rf7 27. Bb4 Qa6 28.
Bf1 Ng4+ 29. Kg2 Nxe3+ 30. Qxe3 Qxa2+ 31. Be2 Bxd4 32. Qxd4 Qxe2+ 33. Kg1 Rg7
34. Qf2 Qh5  1/2-1/2

[Event "Summer Prague Open 2022 - B"]
[Site "Olympik hotel, Sokolovska 138, Praha"]
[Date "2022.08.05"]
[Round "1"]
[Board "2"]
[White "Brzezina, Pawel"]
[Black "Podjavorinsky, Michal"]
[Result "0-1"]
[WhiteElo "1456"]
[BlackElo "1946"]
[PlyCount "66"]
[EventDate "2022.08.05"]
[EventRounds "9"]
[EventCountry "CZE"]

1. e4 c5 2. Nf3 e6 3. d4 cxd4 4. Nxd4 Nc6 5. Nc3 Nf6 6. Be3 a6 7. Qd2 Qc7 8.
O-O-O b5 9. f3 Be7 10. g4 Nxd4 11. Bxd4 Bb7 12. h4 Rc8 13. Kb1 O-O 14. h5 b4
15. Na4 d5 16. g5 Nd7 17. Bd3 Bc6 18. b3 Bxa4 19. bxa4 e5 20. Bb2 Nc5 21. exd5
Nxa4 22. g6 h6 23. Bf5 Nc3+ 24. Ka1 Qa5 25. Bxc3 bxc3 26. Qe2 Qa3 27. Rb1 Rb8
28. Rb3 Rxb3 29. cxb3 fxg6 30. Be6+ Kh8 31. hxg6 Rxf3 32. Rb1 e4 33. d6 Bf6  0-1

[Event "Summer Prague Open 2022 - B"]
[Site "Olympik hotel, Sokolovska 138, Praha"]
[Date "2022.08.05"]
[Round "1"]
[Board "3"]
[White "Zamengo, Bruno"]
[Black "Nguyen, Jenny Ha-Linh"]
[Result "1-0"]
[WhiteElo "1903"]
[BlackElo "1453"]
[PlyCount "57"]
[EventDate "2022.08.05"]
[EventRounds "9"]
[EventCountry "CZE"]

1. e4 e6 2. d4 d5 3. Nd2 Nf6 4. e5 Nfd7 5. Ngf3 c5 6. c3 Nc6 7. Bd3 cxd4 8.
cxd4 f6 9. exf6 Nxf6 10. O-O Bd6 11. Re1 O-O 12. Nf1 Qc7 13. Bg5 e5 14. dxe5
Nxe5 15. Rc1 Nxf3+ 16. Qxf3 Qa5 17. Bb1 Ne4 18. Qh5 Bf5 19. Bh4 Rae8 20. Ne3
Re5 21. Qd1 Bb8 22. f3 Nd6 23. Bg3 Re6 24. Nxf5 Rxe1+ 25. Qxe1 Qxe1+ 26. Rxe1
Nxf5 27. Bxf5 Bxg3 28. Be6+ Kh8 29. hxg3  1-0

[Event "Summer Prague Open 2022 - B"]
[Site "Olympik hotel, Sokolovska 138, Praha"]
[Date "2022.08.05"]
[Round "1"]
[Board "4"]
[White "Schoeppe, Christian"]
[Black "Guggenheim, Hans"]
[Result "0-1"]
[WhiteElo "1453"]
[BlackElo "1866"]
[PlyCount "50"]
[EventDate "2022.08.05"]
[EventRounds "9"]
[EventCountry "CZE"]

1. e4 c5 2. c3 d5 3. Nf3 dxe4 4. Qa4+ Bd7 5. Qxe4 Bc6 6. Qe3 Nd7 7. d4 e6 8.
Be2 Ngf6 9. O-O Be7 10. Ne5 Nxe5 11. dxe5 Nd7 12. Qg3 Qc7 13. f4 O-O-O 14. Nd2
g5 15. Nc4 b5 16. Na3 a6 17. Bf3 gxf4 18. Qxf4 Rdf8 19. Bxc6 Qxc6 20. Nc2 Rhg8
21. g3 f5 22. a4 Rg4 23. axb5 axb5 24. Qh6 Rfg8 25. Bf4 Rh4  0-1

[Event "Summer Prague Open 2022 - B"]
[Site "Olympik hotel, Sokolovska 138, Praha"]
[Date "2022.08.05"]
[Round "1"]
[Board "5"]
[White "Jaeger, Andre"]
[Black "Salussolia, Louis"]
[Result "1-0"]
[WhiteElo "1865"]
[BlackElo "1434"]
[PlyCount "107"]
[EventDate "2022.08.05"]
[EventRounds "9"]
[EventCountry "CZE"]

1. d4 d5 2. c4 e6 3. Nc3 Nf6 4. cxd5 exd5 5. Bg5 Nbd7 6. e3 c6 7. Bd3 Qa5 8.
Qc2 Bb4 9. Nge2 O-O 10. O-O Ne4 11. Bxe4 dxe4 12. Nxe4 Qf5 13. N2g3 Qg6 14. h4
h6 15. h5 Qh7 16. Bf4 Kh8 17. Rac1 Nf6 18. Nxf6 gxf6 19. Qxh7+ Kxh7 20. e4 Be6
21. a3 Ba5 22. Rfd1 Rad8 23. b4 Bb6 24. Be3 Rd7 25. f3 Rfd8 26. Ne2 Bb3 27. Rd3
Ba4 28. Nc3 Bb3 29. Ne2 Ba4 30. Rd2 Bb5 31. Nc3 Bxd4 32. Bxd4 Rxd4 33. Rxd4
Rxd4 34. Nxb5 cxb5 35. Rc7 Kg7 36. Rxb7 Rd1+ 37. Kf2 Ra1 38. Rxa7 Ra2+ 39. Kg3
f5 40. exf5 Kf6 41. f4 Rb2 42. Kf3 Rb3+ 43. Kg4 Rc3 44. Ra6+ Ke7 45. Rxh6 Rxa3
46. Rb6 Ra2 47. g3 Ra8 48. Rxb5 Rg8+ 49. Kh4 Kf6 50. g4 Kg7 51. g5 Kh7 52. Rb7
Rg7 53. f6 Rxg5 54. Kxg5  1-0

[Event "Summer Prague Open 2022 - B"]
[Site "Olympik hotel, Sokolovska 138, Praha"]
[Date "2022.08.05"]
[Round "1"]
[Board "6"]
[White "Novak, Pavel"]
[Black "Svetly, Jiri"]
[Result "0-1"]
[WhiteElo "1431"]
[BlackElo "1825"]
[PlyCount "64"]
[EventDate "2022.08.05"]
[EventRounds "9"]
[EventCountry "CZE"]

1. d4 Nf6 2. c4 g6 3. Nc3 Bg7 4. e4 d6 5. Nf3 O-O 6. Be2 e5 7. O-O exd4 8. Nxd4
Re8 9. Bg5 h6 10. Bxf6 Bxf6 11. Rc1 Na6 12. a3 Nc5 13. f3 Bxd4+ 14. Qxd4 Nb3
15. Qe3 Nxc1 16. Rxc1 Kh7 17. Rd1 c6 18. Qf4 Be6 19. Rxd6 Qe7 20. e5 Qg5 21.
Qxg5 hxg5 22. Ne4 Kh6 23. c5 Bf5 24. Ng3 Rxe5 25. b4 Kg7 26. Bc4 Rae8 27. Kf2
R8e7 28. Bd3 Bxd3 29. Rxd3 f5 30. h3 Rd5 31. Rc3 Rd2+ 32. Kg1 Re1+  0-1

[Event "Summer Prague Open 2022 - B"]
[Site "Olympik hotel, Sokolovska 138, Praha"]
[Date "2022.08.05"]
[Round "1"]
[Board "7"]
[White "Sterba, Erik"]
[Black "Scattareggia, Giorgio"]
[Result "1-0"]
[WhiteElo "1815"]
[BlackElo "1419"]
[PlyCount "63"]
[EventDate "2022.08.05"]
[EventRounds "9"]
[EventCountry "CZE"]

1. d4 d5 2. Nf3 Nf6 3. c4 e6 4. Nc3 Be7 5. Bf4 a6 6. e3 O-O 7. Rc1 Nbd7 8. cxd5
exd5 9. Bd3 c6 10. h3 Re8 11. O-O Nf8 12. Ne5 Ng6 13. Nxg6 fxg6 14. Qc2 Bd6 15.
Ne2 Nh5 16. Bxd6 Qxd6 17. e4 Nf4 18. e5 Nxh3+ 19. gxh3 Qe7 20. f4 Bxh3 21. Rf2
Qh4 22. Qd2 Rf8 23. Qe3 g5 24. f5 g4 25. Ng3 Rae8 26. Rh2 g6 27. Rf1 gxf5 28.
Rxf5 Rxf5 29. Nxf5 Qh5 30. e6 Kh8 31. Qe5+ Kg8 32. Qg7#  1-0

[Event "Summer Prague Open 2022 - B"]
[Site "Olympik hotel, Sokolovska 138, Praha"]
[Date "2022.08.05"]
[Round "1"]
[Board "8"]
[White "Al-Shamsi, Ousha"]
[Black "Aird, Ian"]
[Result "1/2-1/2"]
[WhiteElo "1416"]
[BlackElo "1809"]
[PlyCount "82"]
[EventDate "2022.08.05"]
[EventRounds "9"]
[EventCountry "CZE"]

1. e4 c6 2. d4 d5 3. exd5 cxd5 4. Bd3 Nc6 5. c3 Nf6 6. Ne2 Bg4 7. O-O e6 8. f3
Bh5 9. Nf4 Bg6 10. Nxg6 hxg6 11. Bf4 Bd6 12. Qd2 Qc7 13. Bxd6 Qxd6 14. g3 O-O
15. Na3 a6 16. Nc2 Rfc8 17. Ne3 Rab8 18. Ng2 b5 19. a4 Na5 20. Qe2 b4 21. Bxa6
Rc7 22. Rac1 bxc3 23. Rxc3 Rxc3 24. bxc3 Rb3 25. Rc1 Qa3 26. Qd1 Rxc3 27. Rxc3
Qxc3 28. Ne1 Ne8 29. Nc2 Nd6 30. Qd3 Qb2 31. Qa3 Qb1+ 32. Bf1 Ndc4 33. Qc3 Qc1
34. Kf2 Nd2 35. Bd3 Nac4 36. Bxc4 dxc4 37. Ke2 Nb3 38. Qxc4 Qd2+ 39. Kf1 Qc1+
$11 40. Kf2 Qd2+ 41. Qe2 Qc3  1/2-1/2

[Event "Summer Prague Open 2022 - B"]
[Site "Olympik hotel, Sokolovska 138, Praha"]
[Date "2022.08.05"]
[Round "1"]
[Board "9"]
[White "Pitera, Michal"]
[Black "Bilunov, Ivan"]
[Result "1-0"]
[WhiteElo "1798"]
[BlackElo "1415"]
[PlyCount "75"]
[EventDate "2022.08.05"]
[EventRounds "9"]
[EventCountry "CZE"]

1. d4 d5 2. c4 dxc4 3. e4 b5 4. a4 Ba6 5. axb5 Bxb5 6. Bxc4 Bxc4 7. Qa4+ Qd7 8.
Qxc4 e6 9. Nf3 Nc6 10. O-O Nf6 11. Nc3 Bb4 12. d5 exd5 13. exd5 Bxc3 14. dxc6
Qd6 15. bxc3 O-O 16. Ba3 Qd5 17. Qxd5 Nxd5 18. Bxf8 Rxf8 19. Rxa7 Rc8 20. Rfa1
Nb6 21. c4 f6 22. c5 Nd5 23. Ra8 Rxa8 24. Rxa8+ Kf7 25. Rd8 Ke6 26. Nd4+ Ke5
27. Nb5 Nb4 28. f4+ Kf5 29. Nxc7 Nxc6 30. Rd6 Na5 31. c6 Nxc6 32. Rxc6 Kxf4 33.
Rc5 g5 34. Ne6+ Kg4 35. Kf2 h6 36. h3+ Kh4 37. Ng7 h5 38. Nf5#  1-0

[Event "Summer Prague Open 2022 - B"]
[Site "Olympik hotel, Sokolovska 138, Praha"]
[Date "2022.08.05"]
[Round "1"]
[Board "10"]
[White "Paseka, Christian"]
[Black "Humaidan Mohamed, Alzaabi"]
[Result "1-0"]
[WhiteElo "1620"]
[BlackElo "1155"]
[PlyCount "49"]
[EventDate "2022.08.05"]
[EventRounds "9"]
[EventCountry "CZE"]

1. d4 Nf6 2. c4 g6 3. Nf3 Bg7 4. Nc3 O-O 5. g3 d6 6. Bg2 Nbd7 7. O-O e5 8. e4
exd4 9. Nxd4 Ne5 10. b3 Ne8 11. f4 Bg4 12. Qd2 Nc6 13. Nxc6 bxc6 14. h3 Bd7 15.
Bb2 Qc8 16. Kh2 f5 17. exf5 Rxf5 18. Rad1 Rh5 19. h4 Bf6 20. Qf2 Ng7 21. Nd5
Bxb2 22. Ne7+ Kh8 23. Nxc8 Bf6 24. Bf3 Ra5 25. Nxd6  1-0

[Event "Summer Prague Open 2022 - B"]
[Site "Olympik hotel, Sokolovska 138, Praha"]
[Date "2022.08.06"]
[Round "2"]
[Board "1"]
[White "Podjavorinsky, Michal"]
[Black "Mielke, Torsten"]
[Result "1-0"]
[WhiteElo "1946"]
[BlackElo "1597"]
[PlyCount "81"]
[EventDate "2022.08.05"]
[EventRounds "9"]
[EventCountry "CZE"]

1. e4 e5 2. Nf3 Nc6 3. d4 exd4 4. Bc4 d6 5. Nxd4 Ne5 6. Bb3 Qh4 7. Nc3 Bg4 8.
Qd2 Be7 9. Qf4 O-O-O 10. Nd5 h6 11. Nf5 Bxf5 12. Qxf5+ Kb8 13. g3 Qg4 14. Qxg4
Nxg4 15. Nxe7 Nxe7 16. f3 Ne5 17. f4 N5c6 18. Bxf7 d5 19. e5 Nd4 20. Kd1 Rdf8
21. Bh5 g6 22. Bg4 Rhg8 23. c3 Ndf5 24. Kc2 g5 25. Bxf5 Nxf5 26. fxg5 hxg5 27.
Bd2 d4 28. Raf1 dxc3 29. Kxc3 g4 30. Rf4 Ne7 31. Rxf8+ Rxf8 32. h4 Rf3+ 33. Kc4
Rxg3 34. h5 Rh3 35. Rxh3 gxh3 36. Bf4 Kc8 37. e6 Kd8 38. h6 c6 39. h7 Ng6 40.
Be5 Ke8 41. Kd4  1-0

[Event "Summer Prague Open 2022 - B"]
[Site "Olympik hotel, Sokolovska 138, Praha"]
[Date "2022.08.06"]
[Round "2"]
[Board "2"]
[White "Zimmer, Christian"]
[Black "Zamengo, Bruno"]
[Result "0-1"]
[WhiteElo "1577"]
[BlackElo "1903"]
[PlyCount "164"]
[EventDate "2022.08.05"]
[EventRounds "9"]
[EventCountry "CZE"]

1. e4 e6 2. d4 d5 3. Nd2 c5 4. Ngf3 Nc6 5. Bb5 Qb6 6. exd5 exd5 7. Qe2+ Be7 8.
dxc5 Qxc5 9. Nb3 Qd6 10. Be3 a6 11. Bc5 Qe6 12. Bxc6+ bxc6 13. Nfd4 Qxe2+ 14.
Kxe2 Bd7 15. Rhe1 Kd8 16. Kd3 Bf6 17. c3 Ne7 18. Bxe7+ Bxe7 19. Na5 Bd6 20.
Naxc6+ Bxc6 21. Nxc6+ Kc7 22. Ne7 Rhb8 23. b4 a5 24. a3 axb4 25. Nxd5+ Kc6 26.
Nxb4+ Kd7 27. Kc2 Rb5 28. c4 Rf5 29. f3 Rg5 30. g3 Rh5 31. Rh1 Re5 32. Kd3 Rae8
33. Nd5 Re2 34. a4 Rf2 35. Raf1 Rg2 36. Ne3 Ra2 37. Ra1 Rf2 38. Raf1 Ra2 39.
Nd5 Ree2 40. Rd1 Bc5 41. h4 Rg2 42. Ke4 Kc6 43. Nf4 Rxg3 44. Rd8 f5+ 45. Kxf5
Bb6 46. Rd3 Rxa4 47. Rc1 Ra7 48. Nd5 Bc5 49. Rcc3 Rf7+ 50. Ke6 Ra7 51. Rb3 Rg6+
52. Ke5 Ra4 53. Rbc3 Rh6 54. f4 Rxh4 55. Ke6 Rh6+ 56. Kf7 Ra7+ 57. Kg8 Re6 58.
Ne7+ Bxe7 59. Re3 Rxe3 60. Rxe3 Bf6 61. Kxh7 Kc5 62. Re4 Ra4 63. Re8 Rxc4 64.
f5 Kd5 65. Kg6 Rg4+ 66. Kf7 Rf4 67. Ra8 Rxf5 68. Ra4 Ke5 69. Rg4 Rf4 70. Rg2
Kf5 71. Re2 g5 72. Re1 g4 73. Re2 g3 74. Rg2 Kg4 75. Kg6 Bd4 76. Rd2 Bf2 77.
Rd5 Kf3 78. Rd3+ Be3 79. Kh5 g2 80. Rd7 g1=Q 81. Rg7 Rf5+ 82. Kh4 Qh1#  0-1